000 nam a22 7a 4500
999 _c8004
_d8004
008 171121b xxu||||| |||| 00| 0 eng d
100 _aDev.A.etal.
_94458
245 _aModern India
260 _aNew Delhi
_bNCERT
_c1989